UBT Library

Latin America: underdevelopment or revolution; (Record no. 47143)

000 -LEADER
fixed length control field 00645cam a2200229 4500
001 - CONTROL NUMBER
control field 1240346
005 - DATE AND TIME OF LATEST TRANSACTION
control field 20180814073738.0
008 - FIXED-LENGTH DATA ELEMENTS--GENERAL INFORMATION
fixed length control field 700325t19701969nyu b 000 0 eng
010 ## - LIBRARY OF CONGRESS CONTROL NUMBER
LC control number 71081794
040 ## - CATALOGING SOURCE
Original cataloging agency DLC
Transcribing agency DLC
Modifying agency DLC
-- OCoLC
-- DLC
041 ## - LANGUAGE CODE
Language code of text/sound track or separate title eng
043 ## - GEOGRAPHIC AREA CODE
Geographic area code cl-----
080 ## - UNIVERSAL DECIMAL CLASSIFICATION NUMBER
Universal Decimal Classification number 309.18 FRA
082 00 - DEWEY DECIMAL CLASSIFICATION NUMBER
Classification number 309.18 FRA
100 1# - Rafti
Rafti 19
101 ## - Shkurtesa
Shkurtesa POL
245 10 - TITLE STATEMENT
Title Latin America: underdevelopment or revolution;
350 ## - PRICE (NR) (BK AM CF MU VM SE) [OBSOLETE]
Price 8.50
504 ## - BIBLIOGRAPHY, ETC. NOTE
Bibliography, etc Includes bibliographies.
906 ## - LOCAL DATA ELEMENT F, LDF (RLIN)
a 7
b cbc
c orignew
d u
e ncip
f 19
g y-gencatlg
942 ## - ADDED ENTRY ELEMENTS (KOHA)
Source of classification or shelving scheme
Item type Books
Holdings
Withdrawn status Lost status Source of classification or shelving scheme Damaged status Not for loan Collection code Permanent location Current location Shelving location Date acquired Total Checkouts Full call number Barcode Date last seen Price effective from Koha item type
          Koleksioni i përgjithshem UBT - Lipjan UBT - Lipjan Koleksioni i përgjithshem 08/14/2018   309.18 FRA 002-3011193 08/14/2018 08/14/2018 Books
UBT Library © 2015-2024. All rights reserved University Education for Business and Technology